000 00762cam a22002534a 4500
999 _c3449
_d3449
001 50761351
003 OCoLC
005 20181217193238.0
008 020924s2003 coua b 000 0 eng
010 _a2002015679
020 _a1576833593
040 _aDLC
_cDLC
042 _apcc
082 _a248.84
_bK37T
092 _a248.843
_bK37T
100 1 _aKent, Carol,
_d1947-
245 1 0 _aTame your fears :
_band transform them into faith, confidence, and action /
_cCarol Kent
260 _aColorado Springs, Colo. :
_bNavPress,
_cc2003
300 _a208 p. :
_bill. ;
_c23 cm
504 _aIncludes bibliographical references (p. 247-252)
650 0 _aChristian women
_xReligious life
650 0 _aFear
_xReligious aspects
_xChristianity
942 _2ddc
_cBK